Statistics for Mississippi River States Empty Map Quiz - 15 Second Sprint

Click here to take the quiz!

General Stats

  • This quiz has been taken 130 times
  • The average score is 6 of 10

Answers on the Map

Answers color-coded by a green-red scale on the quiz's map according to % correct below.
 

Answer Stats

State% Correct
Minnesota
74%
Mississippi
67%
Missouri
64%
Iowa
60%
Wisconsin
60%
Louisiana
50%
Illinois
49%
Kentucky
49%
Tennessee
45%
Arkansas
42%

Score Distribution

Percentile by Number Answered

Percent of People with Each Score

Your Score History

You have not taken this quiz